Central Library OPAC University of Rajshahi

জীবন আমার বোন : (Record no. 39332)

MARC details
000 -LEADER
fixed length control field 01324nam a2200265 4500
001 - CONTROL NUMBER
control field 39332
003 - CONTROL NUMBER IDENTIFIER
rucl marc code BD-RjUL
005 - DATE AND TIME OF LATEST TRANSACTION
control field 20211209052952.0
008 - FIXED-LENGTH DATA ELEMENTS--GENERAL INFORMATION
fixed length control field 160407s2014 bg ||||e |||| 00| 0 ben d
020 ## - INTERNATIONAL STANDARD BOOK NUMBER
International Standard Book Number 9847000002129
Terms of availability : TK 350.00
035 ## - SYSTEM CONTROL NUMBER
System control number (BD-RjUL)
040 ## - CATALOGING SOURCE
Original cataloging agency BD-RjUL
Language of cataloging ben
Transcribing agency BD-RjUL
041 ## - LANGUAGE CODE
Language code of text/sound track or separate title ben
082 ## - DEWEY DECIMAL CLASSIFICATION NUMBER
Edition number 23
Classification number 891.443
Author mark and year HAJ 2014
100 ## - MAIN ENTRY--PERSONAL NAME
Personal name হক, মাহমুদুল
9 (RLIN) 121234
245 10 - TITLE STATEMENT
Title জীবন আমার বোন :
Remainder of title মূল্যায়ন ও বিশ্লেষণ /
Statement of responsibility, etc. মাহমুদুল হক; মোহাম্মদ শাকেরউল্লাহ সম্পাদনা
260 ## - PUBLICATION, DISTRIBUTION, ETC. (IMPRINT)
Place of publication, distribution, etc. ঢাকা :
Name of publisher, distributor, etc. জাতীয় সাহিত্য প্রকাশ,
Date of publication, distribution, etc. ২০১৪
300 ## - PHYSICAL DESCRIPTION
Pagination ২২৩ পৃ. ;
Size ২২ সেমি.
500 ## - GENERAL NOTE
General note মাহামুদুল হকের মুক্তিযুদ্ধভিক্তিক উপন্যাস [ঊষালোকে-পত্রিকায় প্রকাশিত রচনা-সংকলন]
504 ## - BIBLIOGRAPHY, ETC. NOTE
Bibliography, etc গ্রন্থপঞ্জি সম্বলিত
650 ## - SUBJECT ADDED ENTRY--TOPICAL TERM
Topical term or geographic name as entry element বাংলা উপন্যাস
9 (RLIN) 121235
Topical term or geographic name as entry element Bengali Fiction
9 (RLIN) 121236
700 ## - ADDED ENTRY--PERSONAL NAME
Personal name শাকেরউল্লাহ, মোহাম্মদ
942 ## - ADDED ENTRY ELEMENTS (KOHA)
Source of classification or shelving scheme Dewey Decimal Classification
Koha item type Books
Holdings
Lost status Source of classification or shelving scheme Damaged status Not for loan Collection code Permanent Location Current Location Shelving location Date acquired Source of acquisition Cost, normal purchase price Total Checkouts Full call number Date last seen Copy number Koha item type Date checked out
  Dewey Decimal Classification   Not For Loan Non-fiction Central Library, University of Rajshahi Central Library, University of Rajshahi Reading Room 17/02/2016 Dhaka, Jatya Sahitya Prakash 350.00   B 891.443 HAJ 2014 07/04/2016 C-1 Books  
  Dewey Decimal Classification     Non-fiction Central Library, University of Rajshahi Central Library, University of Rajshahi   17/02/2016 Dhaka, jatya Sahitya Prakash 350.00 1 B 891.443 HAJ 2014 08/10/2024 C-2 Books 18/09/2024
  Dewey Decimal Classification     Non-fiction Central Library, University of Rajshahi Central Library, University of Rajshahi   17/02/2016 Dhaka, Jatiya Sahtya Prakash 350.00   B 891.443 HAJ 2014 07/04/2016 C-3 Books  
  Dewey Decimal Classification     Non-fiction Central Library, University of Rajshahi Central Library, University of Rajshahi   29/04/2014 Jatya Sahitya Prakash, Dhaka . 350.00   B 891.443 HAJ 2014 13/04/2016 C-4 Books  
  Dewey Decimal Classification     Non-fiction Central Library, University of Rajshahi Central Library, University of Rajshahi   29/04/2014 Jatya Sahitya Prakash, Dhaka . 350.00   B 891.443 HAJ 2014 13/04/2016 C-5 Books  
  Dewey Decimal Classification     Non-fiction Central Library, University of Rajshahi Central Library, University of Rajshahi   29/04/2014 Jatya Sahitya Prakash, Dhaka . 350.00 1 B 891.443 HAJ 2014 29/01/2017 C-6 Books 05/01/2017